<?xml version="1.0" encoding="UTF-8"?>
<record
    xmlns:xsi="http://www.w3.org/2001/XMLSchema-instance"
    xsi:schemaLocation="http://www.loc.gov/MARC21/slim http://www.loc.gov/standards/marcxml/schema/MARC21slim.xsd"
    xmlns="http://www.loc.gov/MARC21/slim">

  <leader>00604nam a22001577a 4500</leader>
  <controlfield tag="003">OSt</controlfield>
  <controlfield tag="005">20151208140906.0</controlfield>
  <controlfield tag="008">151204b        xxu||||| |||| 00| 0 eng d</controlfield>
  <datafield tag="040" ind1=" " ind2=" ">
    <subfield code="c">RUA</subfield>
  </datafield>
  <datafield tag="082" ind1=" " ind2=" ">
    <subfield code="a">FIS DY 2003 B187 Or.1</subfield>
  </datafield>
  <datafield tag="100" ind1=" " ind2=" ">
    <subfield code="9">4323</subfield>
    <subfield code="a">DY, LEAK.</subfield>
  </datafield>
  <datafield tag="245" ind1=" " ind2=" ">
    <subfield code="a">Fishing gear survey in botum sarkor district koh konh province, &#x1780;&#x17B6;&#x179A;&#x17A2;&#x1784;&#x17D2;&#x1780;&#x17C1;&#x178F;&#x17A7;&#x1794;&#x1780;&#x179A;&#x178E;&#x17CD;&#x1793;&#x17C1;&#x179F;&#x17B6;&#x1791;&#x178A;&#x17C2;&#x179B;&#x1794;&#x17D2;&#x179A;&#x17BE;&#x1793;&#x17C5;&#x1783;&#x17BB;&#x17C6;&#x1790;&#x17D2;&#x1798;&#x179F; &#x179F;&#x17D2;&#x179A;&#x17BB;&#x1780;&#x1794;&#x17BC;&#x1791;&#x17BB;&#x1798;&#x179F;&#x17B6;&#x1782;&#x179A; &#x1781;&#x17C1;&#x178F;&#x17D2;&#x178F;&#x1780;&#x17C4;&#x17C7;&#x1780;&#x17BB;&#x1784;</subfield>
  </datafield>
  <datafield tag="260" ind1=" " ind2=" ">
    <subfield code="a">Phnom Penh</subfield>
    <subfield code="b">RUA</subfield>
    <subfield code="c">2003</subfield>
  </datafield>
  <datafield tag="300" ind1=" " ind2=" ">
    <subfield code="a">46p.</subfield>
    <subfield code="b">ill.</subfield>
    <subfield code="c">29cm.</subfield>
  </datafield>
  <datafield tag="942" ind1=" " ind2=" ">
    <subfield code="2">ddc</subfield>
    <subfield code="c">FIS</subfield>
  </datafield>
  <datafield tag="999" ind1=" " ind2=" ">
    <subfield code="c">4036</subfield>
    <subfield code="d">4036</subfield>
  </datafield>
  <datafield tag="952" ind1=" " ind2=" ">
    <subfield code="0">0</subfield>
    <subfield code="1">0</subfield>
    <subfield code="2">ddc</subfield>
    <subfield code="4">0</subfield>
    <subfield code="6">FIS_DY_2003_000000000000000_B187_OR_1</subfield>
    <subfield code="7">0</subfield>
    <subfield code="9">20472</subfield>
    <subfield code="a">LBB</subfield>
    <subfield code="b">LBB</subfield>
    <subfield code="c">B187</subfield>
    <subfield code="d">2015-12-04</subfield>
    <subfield code="o">FIS DY 2003 B187 Or.1</subfield>
    <subfield code="p">RUA037087</subfield>
    <subfield code="r">2015-12-04</subfield>
    <subfield code="w">2015-12-04</subfield>
    <subfield code="y">FIS</subfield>
  </datafield>
  <datafield tag="952" ind1=" " ind2=" ">
    <subfield code="0">0</subfield>
    <subfield code="1">0</subfield>
    <subfield code="2">ddc</subfield>
    <subfield code="4">0</subfield>
    <subfield code="6">FIS_DY_2003_000000000000000_B187_OR_3</subfield>
    <subfield code="7">0</subfield>
    <subfield code="9">20567</subfield>
    <subfield code="a">LBB</subfield>
    <subfield code="b">LBB</subfield>
    <subfield code="c">B187</subfield>
    <subfield code="d">2015-12-05</subfield>
    <subfield code="o">FIS DY 2003 B187 Or.3</subfield>
    <subfield code="p">RUA037704</subfield>
    <subfield code="r">2015-12-05</subfield>
    <subfield code="w">2015-12-05</subfield>
    <subfield code="y">FIS</subfield>
  </datafield>
  <datafield tag="952" ind1=" " ind2=" ">
    <subfield code="0">0</subfield>
    <subfield code="1">0</subfield>
    <subfield code="2">ddc</subfield>
    <subfield code="4">0</subfield>
    <subfield code="6">FIS_DY_2003_000000000000000_B187_OR_4</subfield>
    <subfield code="7">0</subfield>
    <subfield code="9">20568</subfield>
    <subfield code="a">LBB</subfield>
    <subfield code="b">LBB</subfield>
    <subfield code="c">B187</subfield>
    <subfield code="d">2015-12-05</subfield>
    <subfield code="o">FIS DY 2003 B187 Or.4</subfield>
    <subfield code="p">RUA035403</subfield>
    <subfield code="r">2015-12-05</subfield>
    <subfield code="w">2015-12-05</subfield>
    <subfield code="y">FIS</subfield>
  </datafield>
  <datafield tag="952" ind1=" " ind2=" ">
    <subfield code="0">0</subfield>
    <subfield code="1">0</subfield>
    <subfield code="2">ddc</subfield>
    <subfield code="4">0</subfield>
    <subfield code="6">FIS_DY_2003_000000000000000_B187_OR_5</subfield>
    <subfield code="7">0</subfield>
    <subfield code="9">20569</subfield>
    <subfield code="a">LBB</subfield>
    <subfield code="b">LBB</subfield>
    <subfield code="c">B187</subfield>
    <subfield code="d">2015-12-05</subfield>
    <subfield code="o">FIS DY 2003 B187 Or.5</subfield>
    <subfield code="p">RUA035176</subfield>
    <subfield code="r">2015-12-05</subfield>
    <subfield code="w">2015-12-05</subfield>
    <subfield code="y">FIS</subfield>
  </datafield>
  <datafield tag="952" ind1=" " ind2=" ">
    <subfield code="0">0</subfield>
    <subfield code="1">0</subfield>
    <subfield code="2">ddc</subfield>
    <subfield code="4">0</subfield>
    <subfield code="6">FIS_DY_2003_000000000000000_B187_OR_6</subfield>
    <subfield code="7">0</subfield>
    <subfield code="9">20570</subfield>
    <subfield code="a">LBB</subfield>
    <subfield code="b">LBB</subfield>
    <subfield code="c">B187</subfield>
    <subfield code="d">2015-12-05</subfield>
    <subfield code="o">FIS DY 2003 B187 Or.6</subfield>
    <subfield code="p">RUA036844</subfield>
    <subfield code="r">2015-12-05</subfield>
    <subfield code="w">2015-12-05</subfield>
    <subfield code="y">FIS</subfield>
  </datafield>
</record>
